000 00563nam a2200169Ia 4500
003 0
005 20250210112555.0
008 140724s9999 xx 000 0 und d
050 _aRC 531
_b.Ar674 2014
100 _aArcia, Janina B.
245 _aEffects of guided imagery on anxiety level of BSNI Students of Southville International School and Colleges /
_cJanina B. Arcia.
260 _aLas PiƱas, Philippines :
_bSouthville International School and Colleges,
_c2014
300 _a70 p. :
_c28 cm.
521 _aNursing
942 _cTH
_2lcc
999 _c229071
_d229071